• 首页
  • 本馆介绍
  • 公告通知
  • 最新文献
  • 馆藏检索
  • 电子资源
  • 读者导购
  • 参考咨询
  • 我的图书馆
  • 登录
  • 详细信息显示
  • 放入我的书架
  • 预约/预借图书
  • 作者相关作品
  • 分类相关作品
  • 丛书相关作品
  • 出版社相关作品

书目信息

  • 表格格式
  • 工作单格式
  • 卡片格式
题名:
图书编辑校对实用手册
    
 
作者: 黎洪波
分册:  
出版信息: 桂林   广西师范大学出版社  2021.01
页数: 607页
开本: 20cm
丛书名:
单 册:
中图分类: G232.262
科图分类:
主题词: 出版工作
电子资源:
ISBN: 2-14-174604-3
000 00581nam0 2200193 450
001 2435864012
005 20241128104009.34
010    @a2-14-174604-3@dCNY78.00
100    @a20241128d2021 km y0chiy0120 ea
101 0  @achi
102    @aCN@b450000
200 1  @a图书编辑校对实用手册@ATu Shu Bian Ji Jiao Dui Shi Yong Shou Ce@f黎洪波@FLi Hong Bo
210    @a桂林@c广西师范大学出版社@d2021.01
215    @a607页@d20cm
606 0  @a出版工作
690    @aG232.262@v4
701  0 @a黎洪波@ALi Hong Bo
801  0 @aCN@b大连网信软件有限公司图书馆·11@c20241128
905    @aZUCC@dG232.262@e145
    
    图书编辑校对实用手册/黎洪波.-桂林:广西师范大学出版社,2021.01
    607页;20cm
    
    
    ISBN 2-14-174604-3:CNY78.00
    
●
相关链接 在E读中查询图书 在五车中查询图书 在当当中查询图书 在豆瓣中查询图书


正题名:图书编辑校对实用手册     索取号:G232.262/145         预约/预借

序号 登录号 条形码 馆藏地/架位号 状态 备注
1 1417460   214174604   第一样本阅览室/ [索取号:G232.262/145] 已借出,限还日期为2034.11.27
借出人:甄文全  
 
唐山师范学院图书馆 欢迎您!
大连网信软件有限公司© 版权所有